000
00310nam a2200109Ia 4500
008
210430s9999 xx 000 0 und d
020
_a
3545-3545-3545
082
_a
620.504 E25 N
100
_a
EDWARD S S A
_9
53959
245
_a
NANOTECH PIONEERS : WHERE ARE THEY TAKING US
_c
EDWARD S S A
942
_c
BK
_2
ddc
999
_c
564346
_d
564346